Library Logo

Pioneer International University Library Catalogue

Creating dynamic schools through mentoring, coaching, and collaboration / (Record no. 3335)

MARC details
000 -LEADER
fixed length control field 00646cam a22001814a 4500
005 - DATE AND TIME OF LATEST TRANSACTION
control field 20250901165410.0
008 - FIXED-LENGTH DATA ELEMENTS--GENERAL INFORMATION
fixed length control field 050721s2005 vaua b 001 0 eng
010 ## - LIBRARY OF CONGRESS CONTROL NUMBER
LC control number 2005021083
020 ## - INTERNATIONAL STANDARD BOOK NUMBER
International Standard Book Number 9781416602965 (pbk.)
020 ## - INTERNATIONAL STANDARD BOOK NUMBER
International Standard Book Number 1416602968 (pbk.)
050 00 - LIBRARY OF CONGRESS CALL NUMBER
Classification number LB2806.4 .C37 2005
Item number .C37 2005
082 00 - DEWEY DECIMAL CLASSIFICATION NUMBER
Classification number 371.2/03
Edition information 22
100 1# - MAIN ENTRY--PERSONAL NAME
Personal name Carr, Judy F.
245 10 - TITLE STATEMENT
Title Creating dynamic schools through mentoring, coaching, and collaboration /
Statement of responsibility, etc. Judy F. Carr, Nancy Herman, and Douglas E. Harris.
260 ## - PUBLICATION, DISTRIBUTION, ETC.
Place of publication, distribution, etc. Alexandria, Va. :
Name of publisher, distributor, etc. Association for Supervision and Curriculum Development,
Date of publication, distribution, etc. c2005.
300 ## - PHYSICAL DESCRIPTION
Extent vi, 165 p. :
Other physical details ill. ;
Dimensions 23 cm.
942 ## - ADDED ENTRY ELEMENTS (KOHA)
Source of classification or shelving scheme Dewey Decimal Classification
Holdings
Withdrawn status Lost status Source of classification or shelving scheme Damaged status Not for loan Home library Current library Shelving location Date acquired Total checkouts Full call number Barcode Date last seen Price effective from Koha item type
    Library of Congress Classification     Main Library Main Library   03/23/2021   LB2806.4 .C37 2005 PIU0170394 03/23/2021 03/23/2021 Books